000 01294cam a2200325 i 4500
999 _c200429701
_d47625
001 200429701
003 TR-AnTOB
005 20200422114947.0
008 000414s1984 tu b 100 0 tur d
040 _aTR-AnTOB
_beng
_erda
_cITU
_dTR-AnTOB
041 _atur
050 0 0 _aDR592.K4
_bT87 1984
090 _aDR592.K4
_bT87 1984
111 1 _aTürkiye İş Bankası Uluslararası Atatürk Sempozyumu
_d(1981 :
_cİstanbul)
_9120053
245 0 0 _aBildiriler ve tartışmalar.
246 3 4 _aTürkiye İş Bankası Uluslararası Atatürk Sempozyumu (17-22 Mayıs 1981)
250 _a2. Baskı
264 1 _aAnkara :
_bTürkiye İş Bankası Kültür Yayınları,
_c1984.
300 _axi, 852 pages :
_billustrations ;
_c17 cm
336 _atext
_2rdacontent
337 _aunmediated
_2rdamedia
338 _avolume
_2rdacarrier
490 0 _aTürkiye İş Bankası Kültür Yayınları ;
_vGenel yayın no : 254
_aAtatürk'ün doğumunun 100. yılı dizisi ;
_v10
590 _aDonated by Levent Kuşoğlu
600 0 _aAtatürk, Mustafa Kemal,
_d1881-1938
_vKongreler
_xKongreler.
_975443
600 0 _aAtatürk, Kemal,
_d1881-1938
_vCongresses
_xCongresses
_9112715
600 1 0 _aAtatürk, Mustafa Kemal
_d1881-1938
_920781
942 _2lcc
_cBK